| 000 | 00565cam a2200217 4500 | ||
|---|---|---|---|
| 001 | D7949 | ||
| 008 | 090401t1982 xxu||||| |||| 00| 0 eng d | ||
| 035 | _a(Sirsi) u10261 | ||
| 041 | _aeng | ||
| 050 | _a692.507 | ||
| 100 | _aPotter, D.G. | ||
| 245 | 4 | _aThe training needs of the building estimator | |
| 260 |
_aAscot, Berks _bChartered Institute of Building _c1982 |
||
| 300 | _a4p. 30cm | ||
| 350 | _a0 | ||
| 490 |
_aTechnical Information Service _pEstimating _v3 |
||
| 520 | _aFiled | ||
| 700 | _aHarlow, Peter (ed) | ||
| 942 | _n0 | ||
| 948 | _c04/03/1997 | ||
| 999 |
_c86721 _d86721 |
||